000 00515nam a2200181 a 4500
001 000043324
005 20201002040820.0
008 140310s1994 sp a 000 0 spa d
020 _a8420607002
100 1 _aTorres, Augusto M.
_970962
245 1 3 _aEl cine italiano en 100 pelĂ­culas. /
_cAugusto M. Torres.
260 _aMadrid, :
_bAlianza Editorial,
_c1994.
300 _a460 p. :
_bil. ;
_c19 cm.
490 1 _aCine
_v1700
500 _aLibro de bolsillo
830 0 _aCine
_n1700
_970963
999 _c42813
_d42813
040 _aDO-SdBNP